| 000 | 00954nam a22003137a 4500 | ||
|---|---|---|---|
| 003 | CHAP | ||
| 005 | 20220817042426.0 | ||
| 008 | 971013c19421931 r 00010 d | ||
| 010 | _a44307 | ||
| 011 | _a45279 | ||
| 035 | _a49418 | ||
| 040 | _cCHAP | ||
| 082 |
_a338.1 _bT39c |
||
| 100 | 0 | 0 |
_aTaylor, Henry C. _9111799 |
| 245 | _aOutlines of agricultural economics | ||
| 260 |
_aNew York : _bMacMillan, _c1942 (c.1931) |
||
| 300 |
_a614 p. _b: ilus. |
||
| 590 |
_aBATCH-UPD _b10 _c20130110 _lUCH01 _h0136 |
||
| 590 |
_aBATCH-UPD _b10 _c20130110 _lUCH01 _h1929 |
||
| 590 |
_aBATCH-UPD _b10 _c20130410 _lUCH01 _h1254 |
||
| 590 |
_aBATCH-UPD _b10 _c20130914 _lUCH01 _h2042 |
||
| 590 |
_aCONVERSION _b10 _c20130109 _lUCH01 _h1324 |
||
| 650 | 1 | 4 |
_aAgricultura _xAspectos económicos. |
| 650 | 1 | 4 |
_aAgricultura _xE.U.A. _91408 |
| 650 | 1 | 4 |
_aTierras _xTenencia. _9113130 |
| 901 | _aBK | ||
| 942 | _cLIBRO | ||
| 949 |
_a338.1 T39c _bBC _cLIBRO _d-111480 _eLIBRO _i49418 _si |
||
| 999 |
_c44307 _d44307 |
||